000
00318nam a22001217a 4500
005
20220510181313.0
008
220510b |||||||| |||| 00| 0 eng d
020
_a
997479305X
040
_a
CO-JMCR
_d
CO-JMCR
082
0
4
_a
LM /
_b
BALm
245
1
3
_a
El mágico mundo de las hadas /
_c
Adriana Ballesteros
999
_c
29496
_d
15880